Specifier (Record no. 79892)

MARC details
000 -LEADER
fixed length control field 01070cab a22002295a 4500
001 - CONTROL NUMBER
control field L142649
008 - FIXED-LENGTH DATA ELEMENTS--GENERAL INFORMATION
fixed length control field 080226e20080222xxk f 000 0 eng d
035 ## - SYSTEM CONTROL NUMBER
System control number (Sirsi) u142649
041 0# - LANGUAGE CODE
Language code of text/sound track or separate title eng
100 1# - MAIN ENTRY--PERSONAL NAME
Personal name Kennett, Stephen
245 00 - TITLE STATEMENT
Title Specifier
Remainder of title IT
260 ## - PUBLICATION, DISTRIBUTION, ETC.
Date of publication, distribution, etc. 2008
490 #0 - SERIES STATEMENT
Series statement Building
Volume/sequential designation 273(8517) 22 February 2008, 76-78(3)
520 ## - SUMMARY, ETC.
Summary, etc. Reviews a software programme which is being developed by BLP to simply calculate the life cycle cost of housing. Explains how the software calculates the life cycle cost figure in three steps and uses just 50 to 100 components rather the 300 used by other models. Also outlines how many separate calculations are usually required to generate a basic life cycle cost model and mentions UK guidance on life cycle costing that is due later in the year.
590 ## - LOCAL NOTE (RLIN)
Local note KA
650 24 - SUBJECT ADDED ENTRY--TOPICAL TERM
Topical term or geographic name entry element ISO/FDIS 15686-5
651 #4 - SUBJECT ADDED ENTRY--GEOGRAPHIC NAME
Geographic name United Kingdom
Chronological subdivision
690 ## - LOCAL SUBJECT ADDED ENTRY--TOPICAL TERM (OCLC, RLIN)
Topical term or geographic name as entry element BUILT ENVIRONMENT-BUILDING COSTS
690 ## - LOCAL SUBJECT ADDED ENTRY--TOPICAL TERM (OCLC, RLIN)
Topical term or geographic name as entry element MANAGEMENT-BUSINESS MANAGEMENT-COST MANAGEMENT-COST ANALYSIS-LIFE CYCLE COSTING
700 1# - ADDED ENTRY--PERSONAL NAME
Personal name Mayer, Peter
942 ## - ADDED ENTRY ELEMENTS (KOHA)
Suppress in OPAC 0
Holdings
Withdrawn status Lost status Source of classification or shelving scheme Damaged status Not for loan Home library Current library Shelving location Date acquired Total Checkouts Full call number Barcode Date last seen Copy number Price effective from Koha item type
    Dewey Decimal Classification     London London Journal article 26/02/2008   L142649 142649-1001 06/08/2019 1 06/08/2019 Journal article